[Event "RUS-ch Men Rapid 2019"]
[Site "Sochi"]
[Date "2019.10.15"]
[Round "4.9"]
[White "Glek, Igor"]
[Black "Shimanov, Aleksandr"]
[Result "0-1"]
[WhiteElo "2467"]
[BlackElo "2653"]
[Annotator "RC"]
[PlyCount "66"]
[EventDate "2019.10.15"]
[EventType "swiss"]
[EventCountry "RUS"]
[SourceTitle "playchess.com"]
[Source "ChessBase"]
[SourceQuality "1"]
[TimeControl "900+10"]

1. e4 {[%emt 0:00:00]} c6 {[%emt 0:00:00]} 2. c4 {[%emt 0:00:04]} g6 {[%emt 0:00:04]} 3. d4 {[%emt 0:00:02]} Bg7 {[%emt 0:00:05]} 4. Nc3 {[%emt 0:00:04]} d6 {[%emt 0:00:04]} 5. h3 {[%emt 0:00:02]} Nf6 {[%emt 0:00:04]} 6. Nf3 {[%emt 0:00:06]} Na6 {[%emt 0:00:28]} 7. Be3 {[%emt 0:00:35]} O-O {[%emt 0:00:06]} 8. Bd3 {[%emt 0:01:14]} e5 {[%emt 0:00:16]} 9. O-O {[%emt 0:00:30]} Nd7 {[%emt 0:01:49]} 10. d5 {[%emt 0:00:39]} f5 {[%emt 0:00:49]} 11. Bg5 {[%emt 0:03:01]} Qe8 {[%emt 0:00:37]} 12. dxc6 {[%emt 0:00:46]} bxc6 {[%emt 0:00:02]} 13. c5 {[%emt 0:00:58]} h6 {[%emt 0:02:50]} 14. Bc4+ {[%emt 0:01:22]} Kh8 {[%emt 0:00:03]} 15. Be3 {[%emt 0:03:32]} dxc5 {[%emt 0:01:38]} 16. Qe2 {[%emt 0:00:24]} Nc7 {[%emt 0:00:12]} 17. Rfd1 {[%emt 0:00:12]} Qe7 {[%emt 0:00:24]} 18. Na4 {[%emt 0:00:33]} Re8 {[%emt 0:02:23]} 19. Qc2 {[%emt 0:02:14]} f4 {[%emt 0:00:15]} 20. Rxd7 {[%emt 0:00:26]} Bxd7 {[%emt 0:00:12]} 21. Bxc5 {[%emt 0:00:05]} Qf6 {[%emt 0:00:07]} 22. Rd1 {[%emt 0:00:07]} Be6 {[%emt 0:00:10]} 23. Bd6 {[%emt 0:00:46]} Bxc4 {[%emt 0:00:19]} 24. Bxc7 {[%emt 0:00:08]} Qf7 {[%emt 0:00:34]} 25. Nc5 {[%emt 0:00:21]} Bxa2 {[%emt 0:02:04]} 26. Rd7 {[%emt 0:00:26]} Qc4 {[%emt 0:00:04]} 27. Qxc4 {[%emt 0:00:30]} Bxc4 {[%emt 0:00:01]} 28. b3 {[%emt 0:00:09]} Be2 {[%emt 0:00:42]} 29. Nh4 {[%emt 0:00:17]} Kh7 {[%emt 0:00:03]} 30. Rd6 {[%emt 0:00:03]} Bf8 {[%emt 0:00:15]} 31. Rxc6 {[%emt 0:00:14]} Bb5 {[%emt 0:00:44]} 32. Rxg6 {[%emt 0:00:12]} Bxc5 {[%emt 0:00:02]} 33. Rf6 {[%emt 0:00:03]} Be7 {[%emt 0:00:17]} 0-1

[Event "RUS-ch Men Rapid 2019"]
[Site "Sochi"]
[Date "2019.10.15"]
[Round "4.10"]
[White "Bryakin, Mikhail"]
[Black "Kokarev, Dmitry"]
[Result "1/2-1/2"]
[WhiteElo "2440"]
[BlackElo "2647"]
[Annotator "TA"]
[PlyCount "75"]
[EventDate "2019.10.15"]
[EventType "swiss"]
[EventCountry "RUS"]
[SourceTitle "playchess.com"]
[Source "ChessBase"]
[SourceQuality "1"]

{[%evp 19,75,33,35,35,35,27,45,20,20,8,23,-24,34,0,0,0,0,0,0,0,25,29,224,11,14,0,0,-5,0,-15,-7,-19,0,0,0,0,0,0,0,0,0,0,0,0,0,0,0,0,16,20,33,22,51,49,61,51,95,20]} 1. d4 Nf6 2. c4 g6 3. Nc3 Bg7 4. e4 O-O 5. h3 d6 6. Be3 e5 7. d5 Na6 8. Nf3 Nc5 9. Nd2 a5 10. g4 c6 11. a3 {E90: King's Indian: Classical: Early deviations and 6 h3} Bd7 12. Be2 a4 13. Rc1 $146 {White is slightly better.} ({Predecessor:} 13. h4 Ne8 14. g5 cxd5 15. exd5 Bf5 16. Bxc5 dxc5 17. Nde4 Nd6 18. Bd3 Bxe4 19. Nxe4 {0-1 (46) Riazantsev,A (2692)-Demchenko,A (2613) Vladivostok 2014}) 13... h6 14. O-O h5 15. f3 hxg4 (15... Nh7 $11) 16. hxg4 Nh7 $1 17. Kg2 Bf6 18. Rh1 Bg5 19. Qg1 Bxe3 (19... Qe7 {is interesting.} 20. Bxg5 Nxg5 21. Rh6 Kg7 22. Qh2 Rg8) 20. Qxe3 {Hoping for Qh6.} ({Of course not} 20. Qh2 Kg7 $17) 20... Qg5 $2 {[#]} (20... Qf6 $11 {and Black has nothing to worry.}) 21. Qxg5 $2 (21. f4 $1 $18 {[%cal Rf4g5]} Qf6 22. fxe5 (22. Qh3 Qg7 $16) 22... Qxe5 23. Qh6) 21... Nxg5 $11 22. Na2 Kg7 23. Nb4 Kf6 24. Bd1 Ke7 25. Bc2 Kd8 26. Nf1 Kc7 27. Ne3 Rh8 28. Rcd1 Rag8 29. Rc1 Kd8 30. Rcd1 Ke7 31. Rc1 Rf8 32. Rce1 f6 33. Rd1 Nf7 34. Rxh8 Rxh8 35. Rh1 Rxh1 36. Kxh1 Ng5 37. Kg2 Kf7 38. Kg3 {Accuracy: White = 52%, Black = 52%.} ({Better is} 38. Nd3 $16) 1/2-1/2

[Event "RUS-ch Men Rapid 2019"]
[Site "Sochi"]
[Date "2019.10.15"]
[Round "4.11"]
[White "Moiseenko, Vadim"]
[Black "Potapov, Pavel"]
[Result "0-1"]
[WhiteElo "2595"]
[BlackElo "2489"]
[Annotator "ChessBase"]
[PlyCount "138"]
[EventDate "2019.10.15"]
[EventType "swiss"]
[EventCountry "RUS"]
[SourceTitle "playchess.com"]
[Source "ChessBase"]
[SourceQuality "1"]
[TimeControl "900+10"]

1. e4 {[%emt 0:00:00]} c5 {[%emt 0:00:00]} 2. c3 {[%emt 0:00:00]} Nf6 {[%emt 0:00:00]} 3. e5 {[%emt 0:00:00]} Nd5 {[%emt 0:00:00]} 4. Nf3 {[%emt 0:00:00]} Nc6 {[%emt 0:00:24]} 5. Bc4 {[%emt 0:00:00]} Nb6 {[%emt 0:00:09]} 6. Bb3 {[%emt 0:00:01]} c4 {[%emt 0:00:21]} 7. Bc2 {[%emt 0:00:02]} d5 {[%emt 0:00:08]} 8. exd6 {[%emt 0:00:01]} e5 {[%emt 0:00:05]} 9. a4 {[%emt 0:00:13]} Bxd6 {[%emt 0:00:55]} 10. a5 {[%emt 0:00:02]} Nd5 {[%emt 0:00:30]} 11. a6 {[%emt 0:00:34]} Nf4 {[%emt 0:00:21]} 12. O-O {[%emt 0:00:18]} O-O {[%emt 0:00:25]} 13. Na3 {[%emt 0:00:21]} Bxa3 {[%emt 0:00:38]} 14. Rxa3 {[%emt 0:00:02]} Nd3 {[%emt 0:00:06]} 15. Ne1 {[%emt 0:00:23]} e4 {[%emt 0:00:15]} 16. Nxd3 {[%emt 0:00:21]} exd3 {[%emt 0:00:24]} 17. Ba4 {[%emt 0:00:02]} Ne5 {[%emt 0:00:13]} 18. Qh5 {[%emt 0:00:15]} Qf6 {[%emt 0:00:28]} 19. Re1 {[%emt 0:00:58]} Bf5 {[%emt 0:02:56]} 20. axb7 {[%emt 0:00:37]} Rab8 {[%emt 0:00:01]} 21. Bb5 {[%emt 0:01:45]} Rxb7 {[%emt 0:00:55]} 22. Ra6 {[%emt 0:00:09]} Rb6 {[%emt 0:00:12]} 23. Rxb6 {[%emt 0:01:51]} axb6 {[%emt 0:00:01]} 24. f4 {[%emt 0:00:16]} Ng6 {[%emt 0:01:31]} 25. g3 {[%emt 0:01:13]} Rc8 {[%emt 0:01:26]} 26. Ba6 {[%emt 0:02:07]} Rc5 {[%emt 0:00:02]} 27. b4 {[%emt 0:00:20]} Rc7 {[%emt 0:01:31]} 28. Qg5 {[%emt 0:02:38]} Qxg5 {[%emt 0:02:35]} 29. Re8+ {[%emt 0:00:01]} Nf8 {[%emt 0:00:01]} 30. fxg5 {[%emt 0:00:01]} f6 {[%emt 0:02:18]} 31. gxf6 {[%emt 0:00:02]} gxf6 {[%emt 0:00:01]} 32. Rd8 {[%emt 0:00:44]} Kg7 {[%emt 0:00:15]} 33. Rd4 {[%emt 0:00:44]} Re7 {[%emt 0:00:21]} 34. g4 {[%emt 0:00:23]} Bd7 {[%emt 0:00:31]} 35. Kf1 {[%emt 0:00:10]} b5 {[%emt 0:00:01]} 36. h3 {[%emt 0:01:06]} Re2 {[%emt 0:00:04]} 37. Bb7 {[%emt 0:00:27]} h5 {[%emt 0:00:19]} 38. Bf3 {[%emt 0:00:08]} Re5 {[%emt 0:00:01]} 39. gxh5 {[%emt 0:00:58]} Bxh3+ {[%emt 0:00:04]} 40. Kf2 {[%emt 0:00:01]} Ne6 {[%emt 0:00:30]} 41. Rd7+ {[%emt 0:00:31]} Kh6 {[%emt 0:00:08]} 42. Rb7 {[%emt 0:00:34]} Ng5 {[%emt 0:00:23]} 43. Bc6 {[%emt 0:00:18]} Re2+ {[%emt 0:00:02]} 44. Kg3 {[%emt 0:00:02]} Re1 {[%emt 0:00:05]} 45. Ba3 {[%emt 0:00:03]} Ra1 {[%emt 0:00:34]} 46. Bxb5 {[%emt 0:01:24]} Rxa3 {[%emt 0:00:05]} 47. Bxc4 {[%emt 0:00:01]} Bf5 {[%emt 0:00:19]} 48. Kf4 {[%emt 0:00:17]} Bh7 {[%emt 0:00:09]} 49. Rb6 {[%emt 0:00:26]} Ra1 {[%emt 0:00:04]} 50. Rxf6+ {[%emt 0:00:11]} Kxh5 {[%emt 0:00:01]} 51. Ke3 {[%emt 0:00:17]} Re1+ {[%emt 0:00:05]} 52. Kd4 {[%emt 0:00:01]} Re4+ {[%emt 0:00:19]} 53. Kc5 {[%emt 0:00:05]} Re2 {[%emt 0:00:02]} 54. Kd4 {[%emt 0:00:16]} Rxd2 {[%emt 0:00:06]} 55. Rf1 {[%emt 0:00:06]} Rb2 {[%emt 0:00:09]} 56. Bxd3 {[%emt 0:00:12]} Rd2 {[%emt 0:00:10]} 57. Rh1+ {[%emt 0:00:03]} Kg4 {[%emt 0:00:04]} 58. Rxh7 {[%emt 0:00:19]} Nxh7 {[%emt 0:00:03]} 59. Ke3 {[%emt 0:00:06]} Rh2 {[%emt 0:00:02]} 60. b5 {[%emt 0:00:02]} Nf6 {[%emt 0:00:07]} 61. c4 {[%emt 0:00:04]} Nd7 {[%emt 0:00:17]} 62. Be4 {[%emt 0:00:04]} Kg5 {[%emt 0:00:10]} 63. Bc6 {[%emt 0:00:02]} Ne5 {[%emt 0:00:06]} 64. Kd4 {[%emt 0:00:05]} Kf6 {[%emt 0:00:08]} 65. Bd5 {[%emt 0:00:11]} Nd7 {[%emt 0:00:11]} 66. Be4 {[%emt 0:00:08]} Rh4 {[%emt 0:00:04]} 67. Kd5 {[%emt 0:00:06]} Ke7 {[%emt 0:00:04]} 68. Bd3 {[%emt 0:00:19]} Rh5+ {[%emt 0:00:05]} 69. Kc6 {[%emt 0:00:01]} Ne5+ {[%emt 0:00:04]} 0-1

[Event "RUS-ch Men Rapid 2019"]
[Site "Sochi"]
[Date "2019.10.15"]
[Round "4.12"]
[White "Sakaev, Konstantin"]
[Black "Airapetian, Gor"]
[Result "1-0"]
[WhiteElo "2586"]
[BlackElo "2447"]
[Annotator "ChessBase"]
[PlyCount "69"]
[EventDate "2019.10.15"]
[EventType "swiss"]
[EventCountry "RUS"]
[SourceTitle "playchess.com"]
[Source "ChessBase"]
[SourceQuality "1"]
[TimeControl "900+10"]

1. d4 {[%emt 0:00:00]} Nf6 {[%emt 0:00:09]} 2. c4 {[%emt 0:00:00]} e6 {[%emt 0:00:02]} 3. Nf3 {[%emt 0:00:00]} d5 {[%emt 0:00:12]} 4. Nc3 {[%emt 0:00:00]} Be7 {[%emt 0:00:02]} 5. Bf4 {[%emt 0:01:00]} O-O {[%emt 0:00:07]} 6. e3 {[%emt 0:00:02]} Nbd7 {[%emt 0:00:08]} 7. cxd5 {[%emt 0:00:23]} Nxd5 {[%emt 0:01:46]} 8. Nxd5 {[%emt 0:00:02]} exd5 {[%emt 0:00:01]} 9. Bd3 {[%emt 0:00:02]} c6 {[%emt 0:04:01]} 10. Qc2 {[%emt 0:00:44]} Qa5+ {[%emt 0:01:22]} 11. Nd2 {[%emt 0:00:33]} Nf6 {[%emt 0:00:26]} 12. O-O {[%emt 0:02:45]} Qd8 {[%emt 0:00:12]} 13. h3 {[%emt 0:00:46]} h6 {[%emt 0:00:55]} 14. Nb3 {[%emt 0:00:38]} Bd6 {[%emt 0:01:29]} 15. Bxd6 {[%emt 0:00:02]} Qxd6 {[%emt 0:00:01]} 16. Nc5 {[%emt 0:00:18]} Re8 {[%emt 0:01:00]} 17. Rfc1 {[%emt 0:00:14]} b6 {[%emt 0:01:42]} 18. Nb3 {[%emt 0:01:42]} Bd7 {[%emt 0:00:02]} 19. Nd2 {[%emt 0:00:07]} Rac8 {[%emt 0:00:59]} 20. Qa4 {[%emt 0:02:05]} Rc7 {[%emt 0:00:10]} 21. b4 {[%emt 0:00:18]} Ne4 {[%emt 0:03:03]} 22. Nxe4 {[%emt 0:00:23]} dxe4 {[%emt 0:00:01]} 23. Bf1 {[%emt 0:00:33]} Qg6 {[%emt 0:00:34]} 24. Kh1 {[%emt 0:00:32]} Qf6 {[%emt 0:00:25]} 25. Qc2 {[%emt 0:01:01]} Qd6 {[%emt 0:00:09]} 26. Rab1 {[%emt 0:01:05]} f5 {[%emt 0:00:06]} 27. Rb3 {[%emt 0:01:28]} Kh7 {[%emt 0:00:12]} 28. a3 {[%emt 0:00:13]} f4 {[%emt 0:00:11]} 29. exf4 {[%emt 0:00:10]} Qxf4 {[%emt 0:00:07]} 30. Re3 {[%emt 0:00:19]} Kh8 {[%emt 0:00:10]} 31. Kg1 {[%emt 0:02:00]} Bf5 {[%emt 0:00:14]} 32. d5 {[%emt 0:00:25]} c5 {[%emt 0:00:09]} 33. Bb5 {[%emt 0:00:25]} Rf8 {[%emt 0:00:11]} 34. Bc6 {[%emt 0:00:09]} Qd6 {[%emt 0:00:22]} 35. bxc5 {[%emt 0:00:13]} 1-0

[Event "RUS-ch Men Rapid 2019"]
[Site "Sochi"]
[Date "2019.10.15"]
[Round "4.13"]
[White "Yudin, Sergei"]
[Black "Eraschenkov, Denis"]
[Result "1-0"]
[WhiteElo "2577"]
[BlackElo "2382"]
[Annotator "ChessBase"]
[PlyCount "97"]
[EventDate "2019.10.15"]
[EventType "swiss"]
[EventCountry "RUS"]
[SourceTitle "playchess.com"]
[Source "ChessBase"]
[SourceQuality "1"]
[TimeControl "900+10"]

1. e4 {[%emt 0:00:00]} e5 {[%emt 0:00:00]} 2. Nf3 {[%emt 0:00:00]} Nf6 {[%emt 0:00:00]} 3. Nxe5 {[%emt 0:00:16]} d6 {[%emt 0:00:00]} 4. Nf3 {[%emt 0:00:02]} Nxe4 {[%emt 0:00:01]} 5. c4 {[%emt 0:00:02]} Be7 {[%emt 0:00:26]} 6. d4 {[%emt 0:00:04]} O-O {[%emt 0:00:15]} 7. Bd3 {[%emt 0:00:06]} d5 {[%emt 0:00:25]} 8. O-O {[%emt 0:00:55]} Bg4 {[%emt 0:01:01]} 9. cxd5 {[%emt 0:01:34]} Nf6 {[%emt 0:00:53]} 10. h3 {[%emt 0:00:03]} Bh5 {[%emt 0:00:52]} 11. Nc3 {[%emt 0:00:59]} Nxd5 {[%emt 0:00:36]} 12. Re1 {[%emt 0:00:34]} Nc6 {[%emt 0:01:33]} 13. Bxh7+ {[%emt 0:02:07]} Kxh7 {[%emt 0:01:56]} 14. Ng5+ {[%emt 0:00:02]} Kg8 {[%emt 0:00:53]} 15. Qxh5 {[%emt 0:00:07]} Bxg5 {[%emt 0:00:18]} 16. Bxg5 {[%emt 0:00:06]} Qd7 {[%emt 0:00:20]} 17. Qf3 {[%emt 0:01:01]} Nxc3 {[%emt 0:01:51]} 18. bxc3 {[%emt 0:00:04]} f6 {[%emt 0:00:02]} 19. Bf4 {[%emt 0:03:15]} Rfe8 20. Qg3 {[%emt 0:00:10]} Ne7 {[%emt 0:02:12]} 21. Bxc7 {[%emt 0:02:47]} Nf5 {[%emt 0:01:00]} 22. Qg4 {[%emt 0:00:06]} Qxc7 {[%emt 0:00:12]} 23. Qxf5 {[%emt 0:00:05]} Qxc3 {[%emt 0:00:13]} 24. Qd5+ {[%emt 0:00:32]} Kf8 {[%emt 0:00:04]} 25. Rec1 {[%emt 0:01:38]} Rad8 {[%emt 0:00:08]} 26. Qxb7 {[%emt 0:00:08]} Qxd4 {[%emt 0:00:06]} 27. a4 {[%emt 0:00:48]} Re2 {[%emt 0:01:11]} 28. Qf3 {[%emt 0:00:08]} Qe5 {[%emt 0:00:34]} 29. Rab1 {[%emt 0:00:28]} Rdd2 {[%emt 0:01:12]} 30. Rc8+ {[%emt 0:00:13]} Kf7 {[%emt 0:00:02]} 31. Rb7+ {[%emt 0:00:23]} Kg6 {[%emt 0:00:02]} 32. Qg4+ {[%emt 0:00:12]} Qg5 {[%emt 0:00:02]} 33. Qxg5+ {[%emt 0:00:06]} fxg5 {[%emt 0:01:01]} 34. Rf8 {[%emt 0:00:22]} Rd1+ {[%emt 0:00:32]} 35. Kh2 {[%emt 0:00:02]} Rdd2 {[%emt 0:00:02]} 36. Kg3 {[%emt 0:00:02]} a5 {[%emt 0:00:49]} 37. Rb6+ {[%emt 0:00:11]} Kh7 {[%emt 0:00:03]} 38. Rb5 {[%emt 0:00:06]} Re4 {[%emt 0:00:18]} 39. Rxa5 {[%emt 0:00:26]} g4 {[%emt 0:00:10]} 40. hxg4 {[%emt 0:00:22]} Ra2 {[%emt 0:00:01]} 41. Rfa8 {[%emt 0:00:36]} Ra3+ {[%emt 0:00:08]} 42. f3 {[%emt 0:00:03]} Re2 {[%emt 0:00:04]} 43. Rh5+ {[%emt 0:00:16]} Kg6 {[%emt 0:00:01]} 44. Ra6+ {[%emt 0:00:07]} Kf7 {[%emt 0:00:02]} 45. Rf5+ {[%emt 0:00:14]} Kg8 {[%emt 0:00:03]} 46. g5 {[%emt 0:00:32]} Kh7 {[%emt 0:00:01]} 47. g6+ {[%emt 0:00:04]} Kh6 {[%emt 0:00:02]} 48. Kh4 {[%emt 0:00:06]} Re4+ {[%emt 0:00:25]} 49. g4 {[%emt 0:00:08]} 1-0

[Event "RUS-ch Men Rapid 2019"]
[Site "Sochi"]
[Date "2019.10.15"]
[Round "4.14"]
[White "Gorbatov, Alexej"]
[Black "Savchenko, Boris"]
[Result "0-1"]
[WhiteElo "2355"]
[BlackElo "2560"]
[Annotator "ChessBase"]
[PlyCount "69"]
[EventDate "2019.10.15"]
[EventType "swiss"]
[EventCountry "RUS"]
[SourceTitle "playchess.com"]
[Source "ChessBase"]
[SourceQuality "1"]
[TimeControl "900+10"]

1. e4 {[%emt 0:00:00]} c5 {[%emt 0:00:00]} 2. Nf3 {[%emt 0:00:00]} e6 {[%emt 0:00:00]} 3. d4 {[%emt 0:00:00]} cxd4 {[%emt 0:00:00]} 4. Nxd4 {[%emt 0:00:00]} Nf6 {[%emt 0:00:00]} 5. Nc3 {[%emt 0:00:03]} d6 {[%emt 0:00:01]} 6. f4 {[%emt 0:00:56]} a6 {[%emt 0:00:30]} 7. Nf3 {[%emt 0:01:07]} Qb6 {[%emt 0:01:51]} 8. Bd3 {[%emt 0:01:30]} Nc6 {[%emt 0:02:23]} 9. Qe2 {[%emt 0:00:25]} g6 {[%emt 0:00:35]} 10. Bd2 {[%emt 0:03:39]} Bg7 {[%emt 0:00:18]} 11. O-O-O {[%emt 0:00:40]} O-O 12. Rhg1 {[%emt 0:01:43]} Nd7 {[%emt 0:00:41]} 13. g4 {[%emt 0:00:21]} Nc5 {[%emt 0:01:02]} 14. g5 {[%emt 0:02:34]} Qc7 {[%emt 0:03:50]} 15. Kb1 {[%emt 0:02:27]} b5 {[%emt 0:00:04]} 16. Qe3 {[%emt 0:00:38]} Na4 {[%emt 0:00:36]} 17. Nxa4 {[%emt 0:00:31]} bxa4 {[%emt 0:00:02]} 18. Be2 {[%emt 0:01:03]} Ne7 {[%emt 0:01:42]} 19. Bc3 {[%emt 0:00:13]} Bxc3 {[%emt 0:00:02]} 20. Qxc3 {[%emt 0:00:02]} Qxc3 {[%emt 0:00:03]} 21. bxc3 {[%emt 0:00:01]} Bb7 {[%emt 0:00:02]} 22. Rd4 {[%emt 0:00:09]} Rfc8 {[%emt 0:00:05]} 23. Rb4 {[%emt 0:00:12]} Bc6 {[%emt 0:01:10]} 24. Bd3 {[%emt 0:00:14]} d5 {[%emt 0:00:12]} 25. e5 {[%emt 0:00:03]} Bb5 {[%emt 0:00:23]} 26. Bxb5 {[%emt 0:00:15]} axb5 {[%emt 0:00:01]} 27. Nd4 {[%emt 0:00:05]} Rxc3 {[%emt 0:00:04]} 28. Rxb5 {[%emt 0:00:09]} Rac8 {[%emt 0:00:16]} 29. Rg3 {[%emt 0:00:09]} R3c4 {[%emt 0:00:22]} 30. c3 {[%emt 0:00:35]} Nf5 {[%emt 0:00:26]} 31. Nxf5 {[%emt 0:00:08]} gxf5 {[%emt 0:00:02]} 32. Rf3 {[%emt 0:00:10]} Rxc3 {[%emt 0:00:28]} 33. Rxc3 {[%emt 0:00:04]} Rxc3 {[%emt 0:00:01]} 34. Rb4 {[%emt 0:00:21]} a3 {[%emt 0:00:12]} 35. h4 {[%emt 0:00:23]} 0-1

[Event "RUS-ch Men Rapid 2019"]
[Site "Sochi"]
[Date "2019.10.15"]
[Round "4.15"]
[White "Yuffa, Daniil"]
[Black "Jary, Sergey"]
[Result "1-0"]
[WhiteElo "2552"]
[BlackElo "2275"]
[Annotator "TA"]
[PlyCount "75"]
[EventDate "2019.10.15"]
[EventType "swiss"]
[EventCountry "RUS"]
[SourceTitle "playchess.com"]
[Source "ChessBase"]
[SourceQuality "1"]

{[%evp 10,75,52,41,64,43,44,35,72,63,70,66,61,67,100,66,73,62,112,89,93,99,107,106,132,109,143,121,168,138,167,167,178,166,190,177,177,177,177,177,178,178,179,178,178,178,179,179,179,20,19,-105,50,0,0,0,12,43,144,145,216,191,1183,1175,1175,1175,1170,1159]} 1. e4 g6 2. d4 Bg7 3. c4 d6 4. Nc3 Nc6 5. Be3 Nf6 6. d5 Nb8 {A42: Modern Defence: Averbakh Variation} 7. Nf3 O-O 8. Be2 Bg4 {White is slightly better.} 9. O-O Nbd7 (9... c6 10. Rc1 Nbd7 11. h3 Bxf3 12. Bxf3 Qa5 13. Be2 Rfc8 14. f4 cxd5 15. cxd5 Ne8 16. Bg4 {½-½ (99) Sambuev,B (2539)-Li,C (2720) chess.com INT 2017}) 10. h3 Bxf3 $1 11. Bxf3 c5 12. g4 $146 ({Predecessor:} 12. Qd2 Re8 13. Rfe1 Qa5 14. Qc2 Rec8 15. Bg5 a6 16. Bd2 {½-½ (61) Marczykoski,P (2114)-Gonzalez,B (2439) ICCF email 2009}) 12... a6 13. a4 a5 14. Ra3 Ne8 15. Bg2 Nc7 16. f4 Na6 17. Qe2 Nb4 18. Nb5 Ra6 19. Bf2 e5 {[#]} 20. f5 $1 g5 21. h4 {aiming for hxg5.} f6 22. hxg5 fxg5 23. Rh3 Nf6 24. Bf3 Ra8 25. Be3 h6 26. Rf2 Kf7 27. Rfh2 Rh8 28. Qd2 Qe7 29. Bxg5 $2 (29. Kf1 $18) 29... hxg5 $11 30. Qxg5 (30. Rxh8 $11 Rxh8 31. Rxh8 (31. Qxg5 Rxh2 32. Kxh2 Nh7 $11) 31... Bxh8 32. Qxg5) 30... Rag8 $2 (30... Rxh3 $17 31. Rxh3 Nd3) 31. Qg6+ Kf8 32. g5 {Strongly threatening Kf1.} Rxh3 33. Rxh3 {Threatens to win with Rg3.} Nd3 {[#]} (33... Bh8 $1 $14 34. Qh6+ Bg7) 34. Rg3 $1 $36 {[%mdl 2048] White is in control.} Ne8 {[#]} (34... Rh8 $16) 35. f6 $1 {[%mdl 512]} Bxf6 $2 {[#]} (35... Nxf6 36. gxf6 Qxf6 37. Nxd6 Qxg6 38. Rxg6 Nf4) 36. Qxg8+ $1 $18 {[%mdl 512] White is clearly winning.} Kxg8 37. gxf6+ {[%mdl 64] Discovered Attack} Kf7 38. fxe7 {Accuracy: White = 26%, Black = 33%.} 1-0

[Event "RUS-ch Men Rapid 2019"]
[Site "Sochi"]
[Date "2019.10.15"]
[Round "4.16"]
[White "Akhtariev, Andrey"]
[Black "Rozum, Ivan"]
[Result "0-1"]
[WhiteElo "2160"]
[BlackElo "2551"]
[Annotator "ChessBase"]
[PlyCount "90"]
[EventDate "2019.10.15"]
[EventType "swiss"]
[EventCountry "RUS"]
[SourceTitle "playchess.com"]
[Source "ChessBase"]
[SourceQuality "1"]
[TimeControl "900+10"]

1. e4 c6 2. d4 d5 3. e5 Bf5 4. g4 Be4 5. f3 Bg6 6. e6 Qd6 7. exf7+ Bxf7 8. f4 Nf6 9. g5 Ne4 10. Nf3 Nd7 11. Be2 h6 12. gxh6 Qxh6 13. Rg1 e6 14. Qd3 Bd6 15. Qe3 O-O-O 16. Nc3 Ndf6 17. Rg2 Nh5 18. Ne5 Rdf8 19. Nxe4 dxe4 20. Qxe4 Nf6 21. Qe3 Nd5 22. Qg3 Bh5 23. Bxh5 Bxe5 24. dxe5 Qxh5 25. Bd2 Rf7 26. c4 Ne7 27. Qg4 Qxg4 28. Rxg4 Rxh2 29. O-O-O Nf5 30. Rg6 Rh6 31. Rdg1 Rxg6 32. Rxg6 Kd7 33. Kc2 Rf8 34. Rg2 Rh8 35. a4 Rh3 36. b4 Ke7 37. Rg1 Kf7 38. Bc3 Ne3+ 39. Kb3 Rf3 40. Re1 b5 41. axb5 cxb5 42. Kb2 bxc4 43. Bd2 Nd5 44. Rc1 Rf2 45. Rc2 Rxd2 0-1

[Event "RUS-ch Men Rapid 2019"]
[Site "Sochi"]
[Date "2019.10.15"]
[Round "4.17"]
[White "Drygalov, Andrey"]
[Black "Musalov, Ruslan"]
[Result "1-0"]
[WhiteElo "2538"]
[BlackElo "2348"]
[Annotator "ChessBase"]
[PlyCount "47"]
[EventDate "2019.10.15"]
[EventType "swiss"]
[EventCountry "RUS"]
[SourceTitle "playchess.com"]
[Source "ChessBase"]
[SourceQuality "1"]
[TimeControl "900+10"]

1. e4 {[%emt 0:00:00]} e5 {[%emt 0:00:00]} 2. Nf3 {[%emt 0:00:00]} Nc6 {[%emt 0:00:00]} 3. Bc4 {[%emt 0:00:00]} Bc5 {[%emt 0:00:00]} 4. c3 {[%emt 0:00:00]} Nf6 {[%emt 0:00:00]} 5. d3 {[%emt 0:00:00]} O-O {[%emt 0:01:26]} 6. O-O {[%emt 0:00:00]} d5 {[%emt 0:00:16]} 7. exd5 {[%emt 0:00:00]} Nxd5 {[%emt 0:00:02]} 8. a4 {[%emt 0:00:00]} a5 {[%emt 0:00:12]} 9. Nbd2 {[%emt 0:00:01]} Nb6 {[%emt 0:03:57]} 10. Bb5 {[%emt 0:00:24]} f6 {[%emt 0:00:13]} 11. Ne4 {[%emt 0:03:04]} Be7 {[%emt 0:00:32]} 12. Be3 {[%emt 0:01:07]} Nd5 {[%emt 0:01:12]} 13. Bc5 {[%emt 0:00:40]} Bxc5 {[%emt 0:01:22]} 14. Nxc5 {[%emt 0:00:01]} Nce7 {[%emt 0:00:48]} 15. Bc4 {[%emt 0:00:14]} Kh8 {[%emt 0:00:26]} 16. Re1 {[%emt 0:00:08]} b6 {[%emt 0:01:23]} 17. Ne4 {[%emt 0:00:03]} Nf5 {[%emt 0:02:34]} 18. d4 {[%emt 0:00:34]} exd4 {[%emt 0:00:02]} 19. Nxd4 {[%emt 0:00:01]} Nxd4 {[%emt 0:00:16]} 20. Qxd4 {[%emt 0:00:02]} Bb7 {[%emt 0:00:02]} 21. Rad1 {[%emt 0:00:06]} c6 {[%emt 0:00:56]} 22. Ng3 {[%emt 0:00:33]} Qc7 {[%emt 0:00:16]} 23. Bxd5 {[%emt 0:00:11]} Rad8 {[%emt 0:01:03]} 24. Qc4 {[%emt 0:00:09]} 1-0